| Tag |
First Indicator |
Second Indicator |
Subfields |
| LEADER |
00000cam a2200000 4500 |
| 001 |
in00000030540 |
| 005 |
20151007061632.0 |
| 008 |
790618s1966 nyu b 00010 eng u |
| 010 |
|
|
|a 65028600
|
| 035 |
|
|
|a (OCoLC)05076793
|
| 035 |
|
|
|9 AAD2636AM
|
| 040 |
|
|
|c JOC
|d OCL
|d TXA
|d UtOrBLW
|
| 049 |
|
|
|a TXAM
|c [460885]
|
| 050 |
|
0 |
|a PR6039.H52
|b Z78
|
| 090 |
|
|
|a PR6039.H52
|b Z78 1966
|
| 092 |
|
|
|a 821
|b T455Ymo
|
| 100 |
1 |
|
|a Moynihan, William T.
|
| 245 |
1 |
4 |
|a The craft and art of Dylan Thomas /
|c William T. Moynihan.
|
| 246 |
1 |
8 |
|a Craft & art of Dylan Thomas
|
| 264 |
|
1 |
|a Ithaca, N.Y. :
|b Cornell University Press,
|c 1966.
|
| 300 |
|
|
|a xvi, 304 pages ;
|c 23 cm.
|
| 336 |
|
|
|a text
|b txt
|2 rdacontent
|
| 337 |
|
|
|a unmediated
|b n
|2 rdamedia
|
| 338 |
|
|
|a volume
|b nc
|2 rdacarrier
|
| 504 |
|
|
|a Bibliographical footnotes.
|
| 600 |
1 |
0 |
|a Thomas, Dylan,
|d 1914-1953.
|
| 999 |
|
|
|a MARS
|
| 999 |
f |
f |
|s ffcfe93f-ee71-33db-b894-a35d0ae53579
|i 28af1ee7-4f09-3fef-b827-ef85defd8b7c
|t 0
|
| 952 |
f |
f |
|p normal
|a Texas A&M University
|b College Station
|c Sterling C. Evans Library
|d Evans: Library Stacks
|t 0
|e PR6039.H52 Z78 1966
|h Library of Congress classification
|i unmediated -- volume
|m A14819807741
|
| 998 |
f |
f |
|a PR6039.H52 Z78 1966
|t 0
|l Evans: Library Stacks
|